000 00653nam a2200193Ia 4500
008 151121s9999||||xx |||||||||||||| ||und||
082 _a812/कानिट
082 _bHNW-21015
100 _aकानिटकर मा। ना।
245 _aलाखाची करामत
260 _b"जगताप- कारले प्रकाशन, पुणे।"
260 _c--
300 _a43
600 _aकानिटकर मा। ना।
630 _aलाखाची करामत
700 _aकानिटकर मा। ना।
730 _aलाखाची करामत
942 _cBOOK
999 _c1221350
_d1221347